000 00593nam a2200229Ia 4500
003 OSt
005 20220924151313.0
006 a|||||r|||| 00| 0
007 ta
008 220923b |||||||| |||| 00| 0 ara d
024 _a337063
037 _cTextual
040 _aARTS
_cARTS
_bara
041 _2ara
_aara
082 _aO28,1D973,13:g, K3
100 _aAbdurrehman Aaisha Au.
245 0 _aRisalatul malghufran
260 _c1963
650 _aARABIC POETRY
942 _hO28,1D973,13:g, K3
_cTEXL
_2CC
999 _c466128
_d466128